| 000 | 00402nam a22001337a 4500 | ||
|---|---|---|---|
| 003 | SGT | ||
| 082 |
_a617.643 _bC13G |
||
| 100 | _aVIBHUTI SINGH, GOPAL | ||
| 245 | _aCORRELATION OF ORTHODONTIC TREATMENT NEED WITH SELF ESTEEM AND AWARENESS OF CHILDREN USING SOCIO DENTAL APPROACH | ||
| 260 |
_aDELHI NCR _bSGT UNIVERSITY GURUGRAM _c2015 |
||
| 300 | _a1-94 | ||
| 650 | _aORTHODONTICS | ||
| 942 |
_2ddc _cTH |
||
| 999 |
_c17295 _d17295 |
||